El Greco / (Record no. 169780)

MARC details
000 -LEADER
campo de control de longitud fija 00876nam a2200277 i 4500
001 - NÚMERO DE CONTROL
campo de control 169780
003 - IDENTIFICADOR DE NÚMERO DE CONTROL
campo de control ES-MaACL
005 - FECHA Y HORA DE LA ÚLTIMA TRANSACCIÓN
campo de control 20240204063020.0
008 - DATOS DE LONGITUD FIJA--INFORMACIÓN GENERAL
campo de control de longitud fija 081126s1994 sp |||| | spa d
017 ## - NÚMERO DE COPYRIGHT O DE DEPÓSITO LEGAL
Número de copyright o de depósito legal M 32.721-1994
020 ## - NÚMERO INTERNACIONAL ESTÁNDAR DEL LIBRO
Número Internacional Estándar del Libro 84-206-4649-0
080 ## - NÚMERO DE LA CLASIFICACIÓN DECIMAL UNIVERSAL
Número de la Clasificación Decimal Universal 75 Greco, El
080 ## - NÚMERO DE LA CLASIFICACIÓN DECIMAL UNIVERSAL
Número de la Clasificación Decimal Universal 929 Greco, El
100 ## - ENTRADA PRINCIPAL--NOMBRE DE PERSONA
Nombre de persona Calvo Serraller, Francisco,
Fechas asociadas al nombre 1948-2018
9 (RLIN) 235031
245 10 - MENCIÓN DEL TÍTULO
Título El Greco /
Mención de responsabilidad, etc. Francisco Calvo Serraller.
260 ## - PUBLICACIÓN, DISTRIBUCIÓN, ETC.
Lugar de publicación, distribución, etc. Madrid :
Nombre del editor, distribuidor, etc. Alianza Editorial,
Fecha de publicación, distribución, etc. 1994.
300 ## - DESCRIPCIÓN FÍSICA
Extensión 64 p., VIII p. de lám. col. ;
Dimensiones 15 cm.
490 1# - MENCIÓN DE SERIE
Mención de serie Alianza cien ;
Designación de volumen o secuencia 49
500 ## - NOTA GENERAL
Nota general Índices.
500 ## - NOTA GENERAL
Nota general En antep.: Textos completos.
600 04 - PUNTO DE ACCESO ADICIONAL DE MATERIA--NOMBRE DE PERSONA
Nombre de persona El Greco.
9 (RLIN) 46893
700 0# - ENTRADA AGREGADA--NOMBRE PERSONAL
Nombre de persona El Greco.
9 (RLIN) 46893
830 0# - PUNTO DE ACCESO ADICIONAL DE SERIE-TÍTULO UNIFORME
Título uniforme Alianza cien ;
Designación de volumen o secuencia 49
9 (RLIN) 188880
852 4# - LOCALIZACIÓN
Ubicación ES-MaACL
Número de control de estantería E-12304
itemnumber R.190466
Nota libre - Biblioteca Jacinto Martínez Lacalle
Holdings
Estatus retirado Estado de pérdida Estado de daño No para préstamo Biblioteca de origen Biblioteca actual Ubicación en estantería Fecha de adquisición Fuente de adquisición Total de préstamos Signatura topográfica completa Código de barras Visto por última vez Precio de reemplazo Tipo de ítem Koha
        Biblioteca del Ateneo de Madrid Biblioteca del Ateneo de Madrid Depósito 2 26/11/2008     E-12304 1178251 23/02/2023 23/02/2023 Libro impreso